000 00539nam a2200193 4500
001 135781
003 ES-MaACL
007 t|
008 070214q1953 sp r ||||1| spa d
100 1 _aRoumanes, A.
_9100029
245 1 3 _aEl retoque de los negativos /
_cA. Roumanes.
250 _a1ª. ed.
260 _aBarcelona :
_bOmega,
_c[1953?]
300 _a99 p., 8 lám. :
_bil. ;
_c17 cm.
490 1 _aCol. foto biblioteca
830 0 _aCol. foto biblioteca
_9187052
852 _aES-MaACL
_jC-8049
_bR.35566
999 _c135781
_d135781